E-Teens 8: English teacher's guide
-д хадгалсан:
| Үндсэн зохиолчид: | , , |
|---|---|
| Формат: | Ном |
| Хэл сонгох: | англи |
| Хэвлэсэн: |
Santiago
Ediciones SM Chile S. A
2017
|
| Хэвлэл: | 1a. ed |
| Нөхцлүүд: | |
| Шошгууд: |
Шошго нэмэх
Шошго байхгүй, Энэхүү баримтыг шошголох эхний хүн болох!
|
MARC
| LEADER | 00000cam a2200000 a 4500 | ||
|---|---|---|---|
| 001 | UCD9809 | ||
| 003 | CL-VaPUC | ||
| 008 | 170709e20170000cl |||||||||||||||||eng|d | ||
| 020 | |a 9789563499667 | ||
| 082 | 0 | 4 | |a 372.6521 |b ECC |2 21 |
| 100 | 0 | |a Eccles, Mark |e author |9 593540 | |
| 700 | 0 | |a Milne, Kim |e author |9 593541 | |
| 700 | 0 | |a Sánchez de la Barquera, Angélica |e author |9 593542 | |
| 245 | 1 | 0 | |a E-Teens 8: English teacher's guide |
| 250 | |a 1a. ed | ||
| 300 | |a pág. irreg | ||
| 942 | |c BK | ||
| 945 | |d 20170709 17:01:00 |a dcastane | ||
| 260 | |a Santiago |b Ediciones SM Chile S. A |c 2017 | ||
| 500 | |a Incluye English student`s book. Incluye CD con audio | ||
| 650 | 0 | |a Enseñanza de idiomas |9 339820 | |
| 650 | 0 | |a Enseñanza del inglés |9 367340 | |
| 650 | 0 | |a Libros de texto |9 270019 | |
| 650 | 0 | |a Educación básica |9 224933 | |
| 583 | |a last modification |c 20170824 03:19:18 |k Rodrigo Vera | ||
| 999 | |c 368828 |d 368826 | ||
| 952 | |0 0 |1 0 |3 erb |4 0 |6 372_652100000000000_ECC_2017 |7 0 |8 A |9 484271 |a BIBEDU |b BIBEDU |i 5406110 |o 372.6521 ECC 2017 |p 5406110 |r 2019-11-24 |w 2019-11-24 |y BK |z Catalogado en:20170709 |k EPE | ||